000 01158naa a22003137a 4500
001 BR5500088
003 BR-BrBNA
005 20240918172833.0
007 ta
008 230509b bl.||||| |||| 00| 0 por d
040 _aBR-BrBNA
_bpor
_cBiblioteca Nacional de Agricultura
041 _a(En)
072 _aL50; L40
_b7900
090 _aL50 BR5500088
100 1 _aPavan, C.
100 1 _aBreuer, M.E.
111 1 _aSimposio sobre Secrecao Celular
_cBelo Horizonte, MG (Brazil)
_d14 Mar 1955
245 1 _aDifferences in nucleic acids content of the loci in polytene chromosomes of "rhynchosciara angelae; according to tissues and larval stages [Fisiologia animal; Inseto]
260 3 _aBelo Horizonte, MG (Brasil):
_c1955.
500 _aSimposio sobre Secrecao Celular Belo Horizonte, MG (Brasil): 1955. p. 90-99 (BR5500088-AM)L50
650 _aFisiologia animal
650 _aEstrutura animal
650 _aInseto
650 _aLarva
650 _aCitologia animal
773 0 _tSimposio sobre Secrecao Celular
_wL50 BR5500088
_gBelo Horizonte, MG (Brasil), 1955. p. 90-99
909 _a202404
_bLucia
_c55
_dLucia Elande
942 _cAM
_2AGRIS
999 _c301668
_d301668